ARRUPE JESUIT UNIVERSITY

CORONAVIRUS -STOP THE SPREAD - CLEAN,DISINFECT,COVER

Save your brain : (Record no. 121817)

MARC details
000 -LEADER
fixed length control field 01565cam a2200325 a 4500
001 - CONTROL NUMBER
control field 16038655
003 - CONTROL NUMBER IDENTIFIER
control field ARRUPE
005 - DATE AND TIME OF LATEST TRANSACTION
control field 20150326020005.0
008 - FIXED-LENGTH DATA ELEMENTS--GENERAL INFORMATION
fixed length control field 091231s2010 nyua b 001 0 eng
010 ## - LIBRARY OF CONGRESS CONTROL NUMBER
LC control number 2009051796
015 ## - NATIONAL BIBLIOGRAPHY NUMBER
National bibliography number GBB011419
Source bnb
016 7# - NATIONAL BIBLIOGRAPHIC AGENCY CONTROL NUMBER
Record control number 015478378
Source Uk
020 ## - INTERNATIONAL STANDARD BOOK NUMBER
International Standard Book Number 9780071713764 (alk. paper)
020 ## - INTERNATIONAL STANDARD BOOK NUMBER
International Standard Book Number 007171376X (alk. paper)
035 ## - SYSTEM CONTROL NUMBER
System control number (OCoLC)ocn430053036
040 ## - CATALOGING SOURCE
Original cataloging agency DLC
Transcribing agency DLC
Modifying agency YDX
-- BTCTA
-- YDXCP
-- UKM
-- LIQ
-- QBX
-- DLC
050 00 - LIBRARY OF CONGRESS CALL NUMBER
Classification number QP376
Item number .N858 2010
082 00 - DEWEY DECIMAL CLASSIFICATION NUMBER
Classification number 612.8/2
Edition number 22
300 ## - PHYSICAL DESCRIPTION
Other physical details ill. ;
Dimensions 21 cm.
100 1# - MAIN ENTRY--PERSONAL NAME
Personal name Nussbaum, Paul David.
9 (RLIN) 14398
245 10 - TITLE STATEMENT
Title Save your brain :
Remainder of title 5 things you must do to keep your mind young and sharp /
Statement of responsibility, etc Paul David Nussbaum.
260 ## - PUBLICATION, DISTRIBUTION, ETC. (IMPRINT)
Place of publication, distribution, etc New York :
Name of publisher, distributor, etc McGraw-Hill,
Date of publication, distribution, etc c2010.
300 ## - PHYSICAL DESCRIPTION
Extent xvi, 208 p. :
504 ## - BIBLIOGRAPHY, ETC. NOTE
Bibliography, etc Includes bibliographical references (p. 197-203) and index.
505 0# - FORMATTED CONTENTS NOTE
Formatted contents note The importance of brain health -- How your brain works -- Adopting a healthy brain lifestyle -- The five critical areas of brain health -- Critical area 1: socialization -- Critical area 2: physical activity -- Critical area 3: mental stimulation -- Critical area 4: spirituality -- Critical area 5: nutrition -- Pioneering a bold future for brain health.
650 #0 - SUBJECT ADDED ENTRY--TOPICAL TERM
Topical term or geographic name as entry element Brain
General subdivision Aging
-- Prevention.
9 (RLIN) 14399
650 #0 - SUBJECT ADDED ENTRY--TOPICAL TERM
Topical term or geographic name as entry element Brain
General subdivision Care and hygiene.
9 (RLIN) 14400
906 ## - LOCAL DATA ELEMENT F, LDF (RLIN)
a 7
b cbc
c orignew
d 1
e ecip
f 20
g y-gencatlg
942 ## - ADDED ENTRY ELEMENTS (KOHA)
Source of classification or shelving scheme Library of Congress Classification
Koha item type Monograph ( Printed materials)
Koha issues (borrowed), all copies 1
Holdings
Withdrawn status Lost status Source of classification or shelving scheme Damaged status Not for loan Collection code Home library Current library Shelving location Date acquired Total Checkouts Full call number Barcode Date last seen Date checked out Price effective from Koha item type
    Library of Congress Classification     Main Collection ARRUPE LIBRARY ARRUPE LIBRARY Main Collection 20/01/2015 1 QP376 .N858 2010 46500003118 02/07/2019 25/03/2015 20/01/2015 Monograph ( Printed materials)

 

Arrupe Library. PO Box MP320 Mt Pleasant, Harare, Zimbabwe
263 242 745411|librarian@aju.ac.zw